000 00681nam a22002057a 4500
999 _c18653
_d18653
003 AR-CdUCM
008 190514b ||||| |||| 00| 0 spa d
040 _aMUNICIPALIDAD PROVINCIAL DEL CUSCO
_cBIBLIOTECA MUNICIPAL DEL CUSCO
082 _a331.973 /
_bP51
100 _aPhelps, Orwe W.
_939368
245 _aIntroducción a la economía laboral /
260 _aBuenos Aires :
_bTEA,
_c1964.
300 _a700 páginas ;
_c24 cm.
505 _aContenido: El mercado laboral -- El movimiento laboral -- Seguridad de empleo...
650 _aMundo laboral
_939369
650 _aConvenios
_939370
650 _aSindicatos
_92512
942 _2ddc
_cLIBROS
945 _adavv
_d2019-05-14